| 000 | 00818nam a2200265Ia 4500 | ||
|---|---|---|---|
| 003 | OSt | ||
| 005 | 20220923220148.0 | ||
| 006 | a|||||r|||| 00| 0 | ||
| 007 | ta | ||
| 008 | 220922b |||||||| |||| 00| 0 hin d | ||
| 020 | _c30 | ||
| 024 | _a184,701 | ||
| 037 | _cTextual | ||
| 040 |
_aARTS _cARTS _bhin |
||
| 041 |
_2hin _ahin |
||
| 082 | _aO152,1NRAx, M4 | ||
| 100 | _aराकेशी, अनिल | ||
| 245 | 0 | _aबोधि सत्व सुनें | |
| 246 | _aBodhi satva sunean | ||
| 260 |
_aनई दिल्ली _b दिग्दर्शन चरण जैन _c1984 |
||
| 300 |
_a95 पृ. _ccm. |
||
| 650 |
_aहिन्दी साहित्य _9156264 |
||
| 942 |
_hO152,1NRAx, M4 _cTEXL _2CC |
||
| 999 |
_c337985 _d337985 |
||